Loading...
| Fine Arts - Auditory | 6 | 16.67 | 2,033% | 200% | 383% |
| Fine Arts - Other | 4 | 17.50 | 1,525% | 275% | 425% |
| Fine Arts - Visual | 5 | 14.00 | 720% | 340% | 320% |
| Geography | 1 | 10.00 | 0% | 0% | 500% |
| History - American | 3 | 13.33 | 0% | 533% | 167% |
| History - European | 2 | 5.00 | 0% | 0% | 300% |
| History - Other | 4 | 7.50 | 625% | 150% | 150% |
| History - World | 6 | 10.00 | 1,617% | 200% | 100% |
| Literature - American | 4 | 15.00 | 2,150% | 0% | 425% |
| Literature - British | 5 | 12.00 | 1,220% | 100% | 340% |
| Literature - European | 6 | 11.67 | 1,200% | 467% | 0% |
| Literature - World | 6 | 13.33 | 833% | 200% | 383% |
| Mythology | 7 | 12.86 | 2,929% | 86% | 157% |
| Other Academic | 1 | 10.00 | 0% | 0% | 600% |
| Philosophy | 3 | 13.33 | 833% | 200% | 333% |
| Pop Culture | 2 | 25.00 | 3,600% | 600% | 300% |
| Religion | 5 | 12.00 | 2,660% | 120% | 120% |
| Science - Biology | 6 | 10.00 | 0% | 400% | 183% |
| Science - Chemistry | 7 | 15.71 | 1,386% | 414% | 243% |
| Science - Other | 6 | 13.33 | 2,633% | 100% | 183% |
| Science - Physics | 4 | 10.00 | 0% | 150% | 425% |
| Social Science | 3 | 13.33 | 833% | 367% | 200% |